Регионална библиотека "Любен Каравелов" - Русе

Васил Евстатиев Априлов (Запис номер 430733)

MARC детайли
000 -Лидер
Контролно поле с фиксирана дължина 01534nam a2200325 a 4500
003 - Код на организацията, давaща контролен номер
Контролно поле BLK
005 - Дата и час на последна редакция
Контролно поле 20240319131851.0
008 - Елементи от данни с фиксирана дължина
fixed length control field 180409b bul|||||r ||||||| ||bul||
040 ## - Източник на каталожния запис
Идентификатор на билиотеката - собственик на записа BLK
041 ## - Код за език
Код за езика на текст/звукозапис или на отделно заглавие Български
Код за езика КДБФ Български
080 ## - УДК
Текстов определител УДК Биографии - България
УДК код - определител по УДК 929(497.2)
УДК - код + определител 929(497.2)
080 ## - УДК
Текстов определител УДК Организация на образователната работа. Професионални училища. Подразделя се както 371
УДК код - определител по УДК 377.1
УДК определител (497.2)(091)(092)
УДК - код + определител 377.1(497.2)(091)(092)
139 ## - Редно поле
Редна дума Априлов, Васил Евстатиев
Авторски знак Апр - А 79
245 10 - Сведения за заглавието
Заглавие Васил Евстатиев Априлов
Подзаглавни данни Описание на тържественото отпразнуване 100 год. от рождението му на 20 юли 1889 г. в Габрово, [уредено от Габров. гр. общин. управление]
257 ## - Страна на издаване
Страна на създаване/издаване Русия
260 ## - Област на издателските данни
Място на издаване, разпространение и проч. Габрово
Година на издаване [1889]
Печатница Дружба
300 ## - Физическа характеристика
Страници 21 с.
Размери/Мащаб 18 см
380 ## - Жанр
Жанр История
490 ## - СЕРИИ (Колекции)
9 (RLIN) 435080
Име на серия Колекция Редки и ценни издания
600 #0 - Име на лице, използвано като предмет
За него / За нея Априлов, Васил Евстатиев
Свързани дати 1789 - 1847
Друга информация Просветен и книжовен деец
9 (RLIN) 367421
650 #7 - Допълнително описание по предмет – тема
Основно описание – тема или топоним Просветно движение - България
9 (RLIN) 168104
653 #7 - Ключова дума – ненормативна
Ключова дума биографии
9 (RLIN) 181990
653 #7 - Ключова дума – ненормативна
Ключова дума образование
9 (RLIN) 192553
852 ## - Местоположение
Форматна сигнатура Рб 889
Фондова буква Редки и ценни
856 4# - Електронен адрес и достъп
Електронен формат pdf - файл
856 4# - Електронен адрес и достъп
Електронен формат pdf - файл
999 ## - СИСТЕМНИ КОНТРОЛНИ НОМЕРА
Koha biblionumber 430733
Koha biblioitemnumber 430733
942 ## - АРТИКУЛИ
Вид на библиотечния материал Книги
Скрит в OPAC Не
Периодичен библиозапис Да
944 ## - СЪЗДАВАНЕ И РЕДАКЦИЯ на ЗАПИСА
Създаване/Редакция Създаване
Дата на регистрацията/редакция 2021-09-01
Служител, извършил регистрацията/редакцията 30570
Статус, дата на статуса Моника Янева
999 ## - СИСТЕМНИ КОНТРОЛНИ НОМЕРА
Koha biblioitemnumber 430733
Наличности
Код за отписване Код за изгубен артикул Източник на класификационната схема Код за повреда Коз за рестрикции Код за отдаване Артикулен № Име на библиотеката - собственик Име на библиотеката, в която се намира в момента Статус (Текущо местоположение) Дата на вписване в системата Местоположение - отдел Цена в лева Инвентарен номер Систематично азбучна сигнатура Баркод Цена в евро Служебен тип на артикула
  Не е изгубен Universal Decimal Classification Не е повреден само за читалня Специални фондове ( старопечатни, редки и ценни, фонд М. Арнаудов) 853661 Регионална библиотека "Любен Каравелов" Русе Регионална библиотека "Любен Каравелов" Русе Редки и ценни 2021-09-21 Редки и ценни 0.04 10018/58 Рб 889 900000077179 0.02 Книги
Vip Innovations Ltd, Rousse, Bulgaria 2025